Aldeburgh in old picture postcards

保存先:
書誌詳細
第一著者: Somerset, Carol (著者)
フォーマット: 図書
言語:英語
出版事項: European Library 1993
版:1a. ed
主題:
タグ: タグ追加
タグなし, このレコードへの初めてのタグを付けませんか!

MARC

LEADER 00000cam a2200000 a 4500
001 UCE5426
003 CL-VaPUC
008 141230e19930000ne |||||||||||||||||eng|d
020 |a 9028856242 
082 0 4 |a 942.64  |b SOM  |2 21 
100 0 |a Somerset, Carol  |e author  |9 578045 
245 1 0 |a Aldeburgh in old picture postcards 
250 |a 1a. ed 
300 |a pág irreg 
942 |c BK 
945 |d 20141230 16:04:00  |a arojas 
260 |b European Library  |c 1993 
650 7 |a POSTALES  |2 CL-VaPUC  |9 482443 
650 7 |a HISTORIA DE LAS CIUDADES  |2 CL-VaPUC  |9 267500 
650 0 |a Vida y costumbres  |9 611784 
651 0 |a Inglaterra  |9 255158 
583 |a last modification  |c 20141230 16:04:00  |k Rodrigo Vera 
999 |c 358145  |d 358143 
952 |0 0  |1 0  |3 erb  |4 0  |6 942_640000000000000_SOM_1993  |7 0  |8 X  |9 466662  |a FDOBUD  |b FDOBUD  |i 5150396  |o 942.64 SOM 1993  |p 5150396  |r 2019-11-23  |w 2019-11-23  |y BK_X  |z Catalogado en:20141230  |k BUD